000 00704nam a22002177a 4500
003 UA-OsUOA
001 116137
007 ta
008 20160210b un ||||| |||| 00| 0 ukr d
100 _aОмельченко К.Ю.
090 _a330(477)
_bО-57
942 _cSA
040 _aUA-OsUOA
_bukr
_cUA-OsUOA
_dUA-OsUOA
245 _aРоль селянського (фермерського) господарства в забезпеченні ефективної економічної діяльності аграрного сектору
300 _aС.79-84
955 _a0
041 _aukr
080 _a330(477)
773 0 _w116133
650 7 _a330 Економіка взагалі
_2UDC
999 _c401952
_d401952